| 000 | 00444nam a22001817a 4500 | ||
|---|---|---|---|
| 003 | CEME | ||
| 005 | 20210628202232.0 | ||
| 008 | 210301b xxu||||| |||| 00| 0 eng d | ||
| 020 | _a0-7821-2562-X | ||
| 040 | _c. | ||
| 082 | _a620.0042 RUD | ||
| 100 |
_aRudolph, Dictmar _958927 |
||
| 245 | _aMastering auto cad 2000 objects | ||
| 260 |
_aPARIS _bSYBEX _c2000 |
||
| 300 | _aXXIII,423P | ||
| 650 |
_aAUTO CAD 2000 _958928 |
||
| 942 |
_cBK _2ddc |
||
| 999 |
_c569000 _d569000 |
||